| 000 | | | 05155cac2a2200253#x 450 |
| 001 | | | 398c6a50-6a38-40b9-91f1-d47ac958f9cb |
| 005 | | | 20210721144507.0 |
| 100 | ## | $a | 20130529l18801918k y0rusy50 ca |
| 101 | 0# | $a | rus |
| 102 | ## | $a | RU |
| 105 | ## | $a | y z ||||| |
| 200 | 1# | $a | Устав общества поощрения русских изобретений и инвалидов труда |
| | $j | [1880-1918] |
| 215 | ## | $a | 4 листа |
| 251 | ## | $c | Дело |
| 300 | ## | $a | Машинописный текст |
| 300 | ## | $a | Гектографированное |
| 330 | ## | $a | Документальные материалы, отложившиеся в результате служебной и общественной деятельности А. Ф. Кони; Документальные материалы, отложившиеся в результате общественной деятельности А. Ф. Кони |
| 461 | #0 | $1 | 0013a54f2e3-e9cf-409b-80fa-f0a9bd3c40cb |
| | $1 | 2001 |
| | $a | Кони Анатолий Федорович, юрист, литератор, член академии наук, председатель Санкт-Петербургского окружного суда, член государственного совета |
| | $1 | 251 |
| | $c | Фонд |
| | $1 | 852 |
| | $j | 564 |
| 462 | #0 | $1 | 00178a475cd-a47d-4377-bff3-cee4b81de655 |
| | $1 | 2001 |
| | $a | Опись дел фонда А. Ф. Кони за 1880-1931 гг. |
| | $v | Д. 786 |
| | $1 | 251 |
| | $c | Опись |
| | $1 | 852 |
| | $j | 1 |
| 801 | #0 | $a | RU |
| | $b | GA_RF |
| 801 | #1 | $a | RU |
| | $b | НПО Опыт |
| | $c | 20130529 |
| | $2 | rusmarc |
| 801 | #2 | $a | RU |
| | $b | ПБ им. Б.Н. Ельцина |
| | $c | 20131009 |
| | $g | RCR |
| | $2 | rusmarc |
| 852 | ## | $a | ГА РФ |
| | $j | 786 |
| 937 | ## | $d | 38784009 |
| | $h | ПБ |
| 035 | ## | $a | RuPRLIB51001426 |
| 122 | 2# | $a | d1880###### |
| | $a | d1918###### |
| 605 | ## | $2 | acquisition_Prlib |
| | $3 | DITM\AF\0000003834 |
| | $a | Народ |
| | $l | коллекция |
| 605 | ## | $a | Российское изобретательство: страницы истории |
| | $l | коллекция |
| | $2 | acquisition_Prlib |
| | $3 | LIBNET\UAF\0000095744 |
| 601 | 01 | $a | Россия |
| | $b | Общество поощрения русских изобретений и инвалидов труда |
| | $2 | prlib_sh |
| | $j | Устав |
| 686 | ## | $a | 63.3(2)5-76ю11 |
| | $2 | rubbk |
| | $v | LBC/M |
| 686 | ## | $a | 30(2)5у.ю11 |
| | $2 | rubbk |
| | $v | LBC/M |
| 606 | 1# | $a | Благотворительность |
| | $y | Россия |
| | $z | 19 - 20 вв. |
| | $j | Документы и материалы |
| | $2 | nlr_sh |
| | $3 | RU\NLR\AUTH\661265582 |
| 606 | 1# | $a | Изобретательство |
| | $x | История |
| | $y | Россия |
| | $j | Документы и материалы |
| | $2 | nlr_sh |
| | $3 | RU\NLR\AUTH\661355571 |